| 000 | 00827cab a22001935a 4500 | ||
|---|---|---|---|
| 001 | L151926 | ||
| 008 | 110111e20101211xxk 000 0 eng d | ||
| 035 | _a(Sirsi) u151926 | ||
| 041 | 0 | _aeng | |
| 100 | 1 | _aHighmore, Sue | |
| 245 | 0 | 0 | _aFIT for purpose |
| 260 | _c2010 | ||
| 490 |
_aEstates Gazette _v(1049) 11 December 2010, 72-73(2) |
||
| 520 | _aFeed-in tariff scheme (FITS) details. From 1 April 2010 this enables electricity suppliers to pay small-scale generators for the electricity they produce from renewable sources. These payments are available to any party including a landlord, a local authority or a private homeowner. With details of qualifying for FITS payments and practical and legal considerations. | ||
| 590 | _aKA | ||
| 651 | 4 |
_aUnited Kingdom _y |
|
| 690 | _aRENEWABLE ENERGY PROJECTS | ||
| 942 | _n0 | ||
| 999 |
_c82868 _d82868 |
||